LEADER 00813nam0 2200241 450 001 000014310 005 20090325112416.0 100 $a20080715d1966----km-y0itay50------ba 101 0 $aeng 102 $aGB 105 $aa-------001yy 200 1 $aProblems of regional economic planning$fJ.-R. Boudeville 210 $aEdinburgh$cEdinburgh university press$dc1966 215 $a192 p.$cill.$d22 cm 500 10$aProblems of regional economic planning$935405 610 1 $aPianificazione regionale$aFrancia 676 $a338.944$v20$9Produzione. Sviluppo economico. Francia 700 1$aBoudeville,$bJacques Raoul$034367 801 0$aIT$bUNIPARTHENOPE$c20080715$gRICA$2UNIMARC 912 $a000014310 951 $a931/11$b2353$cNAVA2 996 $aProblems of regional economic planning$935405 997 $aUNIPARTHENOPE LEADER 01023cam0 2200301 450 001 E600200073551 005 20160208144241.0 100 $a20110406d1983 |||||ita|0103 ba 101 $aita 102 $aIT 200 1 $aAntologia$eil percorso intellettuale di uno dei maggiori teologi del Novecento attraverso i suoi testi fondamentali$fKarl Barth$gtraduzione e cura di Emanuele Riverso 205 $a2. ed 210 $aMilano$cBompiani$d1983 215 $a333 p.$d22 cm 225 2 $aSaggi Bompiani 300 $a(ac) 410 1$1001LAEC00018322$12001 $a*Saggi Bompiani 700 1$aBarth$b, Karl$3AF00004015$4070$0124507 702 1$aRiverso, Emanuele$3A600200041467$4070 801 0$aIT$bUNISOB$c20160208$gRICA 850 $aUNISOB 852 $aUNISOB$j200$m47314 912 $aE600200073551 940 $aM 102 Monografia moderna SBN 941 $aM 957 $a200$b000585$gSi$d47314$1catenacci$2UNISOB$3UNISOB$420110406090305.0$520160208144241.0$6menle 996 $aAntologia$989822 997 $aUNISOB